Normal view MARC view
  • Osama Jamil

Entry Personal Name

Number of records used in: 2

001 - CONTROL NUMBER

  • control field: 15595

003 - CONTROL NUMBER IDENTIFIER

  • control field: NUST

005 - DATE AND TIME OF LATEST TRANSACTION

  • control field: 20190626061915.0

008 - FIXED-LENGTH DATA ELEMENTS

  • fixed length control field: 190626|| aca||aabn | a|a d

040 ## - CATALOGING SOURCE

  • Original cataloging agency: NUST
  • Transcribing agency: NUST

100 ## - HEADING--PERSONAL NAME

  • Personal name: Osama Jamil

670 ## - SOURCE DATA FOUND

  • Source citation: Work cat.: (NUST): Osama Jamil 15594, Human Detection in RGB frames and Extraction of geometric objects from 3D Pointcloud data using Kinetc sensor/, 2017.
© 2023 Central Library, National University of Sciences and Technology. All Rights Reserved.